000 00637nam a22001937a 4500
005 20251108164015.0
008 250721s1979 xx 000 0 ara d
082 1 4 _a136.7354/مصط
100 1 _aغالب، مصطفى
245 1 0 _aسيكولوجية الطفولة و المراهقة /
264 1 _aبيروت :
_bمكتبة الهلال،
_c1979.
300 _a175ص
490 0 _aفي سبيل موسوعه نفسيه ؛ 12
500 _aاعتمد على افكار و مؤلفات فرويد و جانيه ...
650 1 7 _aالمراهقة
650 1 7 _aسيكولوجية النمو
942 _2ddc
_cBK
999 _c1248
_d1248